Sports Quiz

Random Sports or NBA Quiz
Score 0/45 Timer 08:00
0 Plays Today
Total Joueur % Correct
636LeBron James
99.7%
450James Harden
94.8%
470Luka Doncic
93%
560Trae Young
92.7%
370Russell Westbrook
91%
453Damian Lillard
90.8%
426Chris Paul
89%
442Ben Simmons
87.9%
446Nikola Jokic
85.6%
408Devin Booker
84.5%
399Kyle Lowry
82.7%
507Ricky Rubio
79.3%
347Bradley Beal
78.7%
392Lonzo Ball
76.7%
409Ja Morant
76.2%
264Donovan Mitchell
68%
331Jimmy Butler
67.9%
266Jamal Murray
65%
432Spencer Dinwiddie
64.2%
378Jrue Holiday
63.2%
329Giannis Antetokounmpo
62.4%
285D'Angelo Russell
60.7%
344Lou Williams
58.6%
Total Joueur % Correct
340DeMar DeRozan
57.7%
471Devonte' Graham
55.9%
259Terry Rozier
54.5%
273Goran Dragic
54%
268CJ McCollum
52.6%
343Malcolm Brogdon
52.6%
310Domantas Sabonis
51.2%
304De'Aaron Fox
50.4%
333Bam Adebayo
48%
302Eric Bledsoe
46.9%
317Fred VanVleet
46.7%
278Derrick Rose
46.1%
266Draymond Green
45.4%
334Markelle Fultz
38.7%
257Marcus Smart
37.7%
331Joe Ingles
35.7%
285Ish Smith
29.3%
323Elfrid Payton
28.6%
354Tomas Satoransky
27.5%
308Jeff Teague
27%
285Tyus Jones
12.6%
316T.J. McConnell
8.8%
Remove Ads.
Support Sporcle.
Get the best of Sporcle when you Go Orange. This ad-free experience offers more features, more stats, and more fun while also helping to support Sporcle. Thank you for becoming a member.

You're not logged in!

Compare scores with friends on all Sporcle quizzes.
OR
Log In

Sporcle TV

Today on Sporcle TV


Watch our educational content, quiz creation guides, and fun videos on Sporcle TV.

Show Comments

Extras

Created Jul 5, 2020ReportNominate
Tags:NBA Quiz, Equipe, les, plu, total

Top Quizzes Today


Score Distribution

Paid Content

Your Account Isn't Verified!

In order to create a playlist on Sporcle, you need to verify the email address you used during registration. Go to your Sporcle Settings to finish the process.

Report this User

Report this user for behavior that violates our Community Guidelines.

Details: